Methods of teaching in town and rural schools / (Record no. 50842)
[ view plain ]
| 000 -LEADER | |
|---|---|
| fixed length control field | 00973nam a2200277 a 4500 |
| 001 - CONTROL NUMBER | |
| control field | 50842 |
| 003 - CONTROL NUMBER IDENTIFIER | |
| rucl marc code | BD-RjUL |
| 005 - DATE AND TIME OF LATEST TRANSACTION | |
| control field | 20211209075555.0 |
| 008 - FIXED-LENGTH DATA ELEMENTS--GENERAL INFORMATION | |
| fixed length control field | 160828r19481942nyua 001 0 eng |
| 035 ## - SYSTEM CONTROL NUMBER | |
| System control number | (BD-RjUL)50962 |
| 040 ## - CATALOGING SOURCE | |
| Original cataloging agency | DLC |
| Transcribing agency | ArU |
| Modifying agency | BD-RjUL |
| Language of cataloging | eng |
| 041 ## - LANGUAGE CODE | |
| Language code of text/sound track or separate title | eng |
| 082 ## - DEWEY DECIMAL CLASSIFICATION NUMBER | |
| Edition number | 23 |
| Classification number | 372 |
| Author mark and year | RIM 1948 |
| 100 1# - MAIN ENTRY--PERSONAL NAME | |
| Personal name | Ritter, Elmer Lorenzo |
| Dates associated with a name | 1883- |
| 9 (RLIN) | 152195 |
| 245 10 - TITLE STATEMENT | |
| Title | Methods of teaching in town and rural schools / |
| Statement of responsibility, etc. | E. L. Ritter and L. A. Shepherd. |
| 260 ## - PUBLICATION, DISTRIBUTION, ETC. (IMPRINT) | |
| Place of publication, distribution, etc. | New York : |
| Name of publisher, distributor, etc. | The Dryden Press, |
| Date of publication, distribution, etc. | c1942 [reprinting 1948, 1949] |
| 300 ## - PHYSICAL DESCRIPTION | |
| Pagination | xiii, 492 p. : |
| Illustrations | ill. ; |
| Size | 21 cm. |
| 490 0# - SERIES STATEMENT | |
| Series statement | The Dryden Press. Texts in education. General editor: M. J. Nelson |
| 500 ## - GENERAL NOTE | |
| General note | Includes music. |
| General note | "Suggestions for further reading" at end of each chapter. and index |
| 650 #0 - SUBJECT ADDED ENTRY--TOPICAL TERM | |
| Topical term or geographic name as entry element | Teaching. |
| 9 (RLIN) | 152196 |
| Topical term or geographic name as entry element | Education. |
| 9 (RLIN) | 152197 |
| Topical term or geographic name as entry element | Rural schools. |
| 9 (RLIN) | 149014 |
| 700 1# - ADDED ENTRY--PERSONAL NAME | |
| Personal name | Shepherd, L. A. |
| Fuller form of name | (Lou A.), |
| Relator term | joint author. |
| 942 ## - ADDED ENTRY ELEMENTS (KOHA) | |
| Source of classification or shelving scheme | Dewey Decimal Classification |
| Koha item type | Books |
| Lost status | Source of classification or shelving scheme | Damaged status | Not for loan | Collection code | Permanent Location | Current Location | Shelving location | Date acquired | Source of acquisition | Cost, normal purchase price | Total Checkouts | Full call number | Date last seen | Copy number | Koha item type |
|---|---|---|---|---|---|---|---|---|---|---|---|---|---|---|---|
| Dewey Decimal Classification | Non-fiction | Central Library, University of Rajshahi | Central Library, University of Rajshahi | 26/08/1962 | S.A.A KAMDA LEE. IN HISTORY RU | 16.00 | 372 RIM 1948 | 28/08/2016 | C-2 | Books | |||||
| Dewey Decimal Classification | Non-fiction | Central Library, University of Rajshahi | Central Library, University of Rajshahi | 01/11/1958 | Asia foundation | 372 RIM 1949 | 28/08/2016 | C-3 | Books |